Ancient Proto-Observatories: Guess the Country! - Statistics

General Stats
  • This quiz has been taken 17 times
  • The average score is 8 of 12
Answer Stats
Picture Hint Answer % Correct
Stonehenge United Kingdom
100%
Angkor Wat Cambodia
89%
Buto & Abu Simbel Egypt
89%
Loughcrew & Newgrange Ireland
89%
El Caracol Mexico
78%
Chankillo Peru
78%
Arkaim Russia
67%
Cheomsungdae South Korea
56%
Wurdi Youang Australia
44%
Goseck Circle Germany
44%
Zorats Karer Armenia
33%
Kokino North Macedonia
11%
No matching quizzes found
Score Distribution
Percent of People with Each Score
Percentile by Number Answered
Your Score History
You have not taken this quiz